| 000 | 00786nam a22001337a 4500 | ||
|---|---|---|---|
| 040 | _cRUA | ||
| 082 | _aAVM SUM 2011 B100 Or.1 | ||
| 100 | _aSUM, SAMUTH. | ||
| 245 | _aStudy on effectiveness of ivomec-f of parasites in gastro-intestinal track of cattle in psar commune, boribor district, kampong chhang province, សិក្សាពីប្រសិទ្ធិពាពIVOMEC-F លើវត្តមានបរាសិតក្នុងក្រពះ ពោះវៀនគោ នៅឃុំផ្សារ ស្រុកបរិបូណ៍ ខេត្តកំពង់ឆ្នាំង. | ||
| 260 |
_aphnom phen _bRUA _c2011 |
||
| 300 |
_aXIII,50p. _bill. _c29cm. |
||
| 856 | _uhttps://drive.google.com/file/d/1R9qQECHxmfZHG8c1-QFbrhxUFM6jTnbh/view?usp=sharing | ||
| 942 | _cAVM | ||
| 999 |
_c2519 _d2519 |
||